|
|
|
|
| LEADER |
00000nam0a2200000 4500 |
| 001 |
306482 |
| 005 |
20231102001911.0 |
| 035 |
|
|
|a (RuTPU)RU\TPU\book\331759
|
| 035 |
|
|
|a RU\TPU\book\307306
|
| 090 |
|
|
|a 306482
|
| 100 |
|
|
|a 20150205d1983 k y0rusy5003 ca
|
| 101 |
0 |
|
|a rus
|
| 102 |
|
|
|a RU
|
| 105 |
|
|
|a a z 001zy
|
| 200 |
1 |
|
|a Чистовая обработка деталей машин
|e межвузовский научный сборник
|f Саратовский политехнический институт (СПИ) ; под ред. С. Г. Редько
|
| 210 |
|
|
|a Саратов
|c Изд-во СПИ
|d 1983
|
| 215 |
|
|
|a 106 с.
|c ил.
|
| 320 |
|
|
|a Библиография в конце статей
|
| 606 |
1 |
|
|a Металлообработка чистовая
|x Технико-экономические показатели
|2 stltpush
|3 (RuTPU)RU\TPU\subj\42535
|9 62199
|
| 610 |
1 |
|
|a детали машин
|
| 610 |
1 |
|
|a шлифование
|
| 610 |
1 |
|
|a керамические пластины
|
| 610 |
1 |
|
|a шлифованные поверхности
|
| 610 |
1 |
|
|a качество
|
| 610 |
1 |
|
|a абразивная обработка
|
| 610 |
1 |
|
|a механическое упрочнение
|
| 610 |
1 |
|
|a шероховатость
|
| 610 |
1 |
|
|a тонкая очистка
|
| 610 |
1 |
|
|a микрорельеф
|
| 610 |
1 |
|
|a абразивные частицы
|
| 610 |
1 |
|
|a резьбошлифование
|
| 610 |
1 |
|
|a абразивные круги
|
| 675 |
|
|
|a 621.923.4
|z rus
|v 4
|
| 702 |
|
1 |
|a Редько
|b С. Г.
|4 340
|
| 712 |
0 |
2 |
|a Саратовский политехнический институт (СПИ)
|c (1960-1992)
|2 stltpush
|3 (RuTPU)RU\TPU\col\283
|
| 801 |
|
1 |
|a RU
|b 63413507
|c 20151008
|
| 801 |
|
2 |
|a RU
|b 63413507
|c 20190529
|g RCR
|
| 942 |
|
|
|c BK
|